Gaming Quiz

Random Gaming Quiz

Final Fantasy X Celestial Weapons Quiz Stats

 Plays Quiz not verified by Sporcle

Challenge
Share
Tweet
Embed
Score 0/7 Timer 04:00
0 Plays Today
Weapon Type Celestial Weapon % Correct
DollOnion Knight
92.5%
Sword?Godhand
91.9%
SwordMasamune
91.3%
StaffNirvana
88.4%
ProjectileWorld Champion
86.7%
SwordCaladbolg
78.6%
LanceSpirit Lance
74%

You're not logged in!

Compare scores with friends on all Sporcle quizzes.
OR
Log In

You Might Also Like...

Show Comments

Extras

Created Aug 14, 2010ReportNominate
Tags:Final Fantasy X

Top Quizzes Today


Score Distribution

Your Account Isn't Verified!

In order to create a playlist on Sporcle, you need to verify the email address you used during registration. Go to your Sporcle Settings to finish the process.

Report this User

Report this user for behavior that violates our Community Guidelines.

Details: